Azfoori (Record no. 2478)

MARC details
000 -LEADER
fixed length control field 00536nam a2200229 a 4500
020 ## - INTERNATIONAL STANDARD BOOK NUMBER
ISBN
082 00 - DEWEY DECIMAL CLASSIFICATION NUMBER
Classification number 297.124
Author Cutter BAK
100 ## - MAIN ENTRY--AUTHOR NAME
Author name Bakr Abi, Md Bin
245 ## - TITLE STATEMENT
Title Azfoori
Sub title Hadith
260 ## - PUBLICATION, DISTRIBUTION, ETC. (IMPRINT)
Place of publication Lahore
Name of publisher No Publisher
Year of publication 0000
300 ## - PHYSICAL DESCRIPTION
Number of Pages 160p
500 ## - GENERAL NOTE
General note includes index and biblioraphy
650 ## - SUBJECT ADDED ENTRY--TOPICAL TERM
Topical Term Islam-Hadith
942 ## - ADDED ENTRY ELEMENTS (KOHA)
Koha item type Books
700 1# -
-- Bakr Abi, Md Bin
Holdings
Collection code Home library Current library Date acquired Cost, normal purchase price Full call number Accession Number Koha item type
  Henry Martyn Institute Library Henry Martyn Institute Library 08/24/2007 100.00 297.124 BAK 04401 Books
                   Copyright © 2026 | Henry Martyn Institute | Hyderabad | TS-500052 | INDIA | Implemented by hmi.edu.in
Hit-Count:

Powered by Koha